| 000 | 01290nam a22002890a 4500 | ||
|---|---|---|---|
| 001 | PT15545 | ||
| 003 | AR-LpoUNG | ||
| 005 | 20210131232646.0 | ||
| 008 | 191001s1974||||ag |||||||||||||||||ita d | ||
| 037 | _c$9.96 | ||
| 040 |
_aAR-LpoUNG _bspa _cAR-LpoUNG _eaacr |
||
| 041 | _aita | ||
| 044 | _aag | ||
| 082 | 0 | _a305.562 499mim | |
| 100 | 1 |
_aWertmuller, Lina _edir. |
|
| 245 | 1 | 0 |
_aMimi metalúrgico : _bherido en su honor |
| 260 |
_aBuenos Aires : _bVideo Clauen, _c[1974]. |
||
| 520 | _aEl film es un cruel grotesco, narra la historia de un obrero que emigra del sur de Italia al norte, en busca de trabajo, y para conseguirlo y conservarlo decide traicionar sus principios y la solidaridad con su clase. A Mimì, un operario siciliano de izquierda, lo despiden por sus ideas políticas y eso lo obliga a emigrar a Turín donde vivirá determinados trastornos en su vida que terminarán por cambiar sus relaciones de clase. En ese marco el film toca distintas relaciones y roles que van jugando en la historia de Mimi: el partido, el sindicato, la familia, el trabajo y la mafia. | ||
| 650 | 4 | _aCLASES SOCIALES | |
| 650 | 4 | _aIDEOLOGIAS | |
| 650 | 4 | _aIDEOLOGIAS POLITICAS | |
| 650 | 4 | _aITALIA | |
| 651 | 4 | _aItalia | |
| 653 | _aVIDEOS | ||
| 905 | _a15545 | ||
| 942 | _cVIDEO | ||
| 999 |
_c16786 _d16786 |
||